Music Quiz

Random Music or Bands Quiz
Score 0/25 Timer 07:00
1 Play Today
Artist % Correct
Michael Jackson (Bad)
99.1%
Prince (Dirty Mind)
92.2%
John Lennon & Yoko Ono (Double Fantasy)
89%
Madonna (Madonna)
86.9%
Lionel Richie (Can't Slow Down)
86.3%
Tina Turner (Private Dancer)
84.1%
U2 (The Joshua Tree)
80.7%
AC/DC (Blow Up Your Video)
70%
Cyndi Lauper (She's So Unusual)
68.6%
Tom Petty (Full Moon Fever)
65.9%
Run-DMC (Run-DMC)
61.2%
John Mellencamp (American Fool)
58.9%
Bonnie Raitt (Nick of Time)
53.4%
Artist % Correct
Whitney Houston (Whitney Houston)
53.3%
Bon Jovi (Bon Jovi)
49.4%
Poison (Look What the Cat Dragged In)
49.3%
Peter Gabriel (So)
48.5%
The Clash (Combat Rock)
47.3%
Mötley Crüe (Raw Tracks)
45%
Rick James (Street Songs)
42.3%
Van Halen (OU812)
38.2%
ZZ Top (El Loco)
37.5%
Cheap Trick (One on One)
28.4%
Bobby McFerrin (Simple Pleasures)
28.3%
Randy Newman (Trouble in Paradise)
24%
Come Together.
Have Fun.
All Virtual.
We all need to come together. Play Sporcle's virtual live trivia to have fun, connect with people, and get your trivia on. Join a live hosted trivia game for your favorite pub trivia experience done virtually. If a virtual private party is more your thing, go here for details.

You're not logged in!

Compare scores with friends on all Sporcle quizzes.
OR
Log In

Sporcle TV

Today on Sporcle TV


Watch our educational content, quiz creation guides, and fun videos on Sporcle TV.

Show Comments

Extras

Top Quizzes Today


Score Distribution

Paid Content

Your Account Isn't Verified!

In order to create a playlist on Sporcle, you need to verify the email address you used during registration. Go to your Sporcle Settings to finish the process.

Report this User

Report this user for behavior that violates our Community Guidelines.

Details: